5HLuxD.jpg

KING HENRY VIII SENIOR AND PRIMARY SCHOOL LIBRARY OPAC

Storm / (Record no. 3974)

000 -LEADER
fixed length control field 01247nam a22002417a 4500
005 - DATE AND TIME OF LATEST TRANSACTION
control field 20241127104409.0
008 - FIXED-LENGTH DATA ELEMENTS--GENERAL INFORMATION
fixed length control field 241127b ||||| |||| 00| 0 eng d
020 ## - INTERNATIONAL STANDARD BOOK NUMBER
International Standard Book Number 9781405284691
040 ## - CATALOGING SOURCE
Transcribing agency KH8
082 ## - DEWEY DECIMAL CLASSIFICATION NUMBER
Classification number FIC DRI
100 ## - MAIN ENTRY--PERSONAL NAME
Personal name Driver, Sarah
Relator term Author
245 ## - TITLE STATEMENT
Title Storm /
Statement of responsibility, etc. Sarah Driver
260 ## - PUBLICATION, DISTRIBUTION, ETC.
Place of publication, distribution, etc. London,
Name of publisher, distributor, etc. Egmont,
Date of publication, distribution, etc. 2018
300 ## - PHYSICAL DESCRIPTION
Extent 382 pages :
Other physical details illustrations,
Dimensions 20 cm
Accompanying material map ;
440 ## - SERIES STATEMENT/ADDED ENTRY--TITLE
Title The huntress
Volume/sequential designation [3]
500 ## - GENERAL NOTE
General note Children's stories
520 ## - SUMMARY, ETC.
Summary, etc. Stag's army marches on, and up in the Sky fortress of Hackles, Mouse tries to keep hopeful as allies from different Tribes join forces to fight him. Mouse is forbidden to leave the mountain - but when their leader is kidnapped, she knows she must go in search of the last Opal, even if this means breaking her promise to Da ... Mouse is soon heading for the lands of the bloodthirsty Fangtooths. And as rumours fly about the return of an ancient evil, Mouse knows that she and her crew will soon face their biggest battle - for their Tribes, for their lives - for their world as they know it. The storm is coming
521 ## - TARGET AUDIENCE NOTE
Target audience note 9+.
650 ## - SUBJECT ADDED ENTRY--TOPICAL TERM
Topical term or geographic name entry element Action and adventure fiction
650 ## - SUBJECT ADDED ENTRY--TOPICAL TERM
Topical term or geographic name entry element Children's fiction
650 ## - SUBJECT ADDED ENTRY--TOPICAL TERM
Topical term or geographic name entry element Children's stories
942 ## - ADDED ENTRY ELEMENTS (KOHA)
Source of classification or shelving scheme
Koha item type Books - Fiction
Holdings
Withdrawn status Lost status Source of classification or shelving scheme Damaged status Not for loan Collection code Permanent Location Current Location Shelving location Date acquired Total Checkouts Full call number Barcode Date last seen Date last checked out Price effective from Koha item type
          Fiction KH8 Primary School Library KH8 Primary School Library Fiction 2024-11-27 1 FIC DRI KHPL000004673 2025-12-05 2025-01-10 2024-11-27 Books - Fiction

Powered By KH8 IT Dept